LEADER 01887oam 2200469M 450 001 9910716500903321 005 20200213070902.9 035 $a(CKB)5470000002521131 035 $a(OCoLC)1065593261 035 $a(OCoLC)995470000002521131 035 $a(EXLCZ)995470000002521131 100 $a20071213d1927 ua 0 101 0 $aeng 135 $aurcn||||||||| 181 $ctxt$2rdacontent 182 $cc$2rdamedia 183 $acr$2rdacarrier 200 10$aCancellation of patents in fee simple to Indians for allotments held in trust by United States. January 29, 1927. -- Committed to the Committee of the Whole House on the State of the Union and ordered to be printed 210 1$a[Washington, D.C.] :$c[U.S. Government Printing Office],$d1927. 215 $a1 online resource (3 pages) 225 1 $aHouse report / 69th Congress, 2nd session. House ;$vno. 1896 225 1 $a[United States congressional serial set] ;$v[serial no. 8689] 300 $aBatch processed record: Metadata reviewed, not verified. Some fields updated by batch processes. 300 $aFDLP item number not assigned. 606 $aIndian allotments 606 $aIndian land transfers 606 $aIndian title 606 $aProperty tax 608 $aLegislative materials.$2lcgft 615 0$aIndian allotments. 615 0$aIndian land transfers. 615 0$aIndian title. 615 0$aProperty tax. 701 $aWilliamson$b William$f1875-1972$pRepublican (SD)$01386808 801 0$bWYU 801 1$bWYU 801 2$bOCLCO 801 2$bOCLCQ 906 $aBOOK 912 $a9910716500903321 996 $aCancellation of patents in fee simple to Indians for allotments held in trust by United States. January 29, 1927. -- Committed to the Committee of the Whole House on the State of the Union and ordered to be printed$93488928 997 $aUNINA LEADER 01875nas 2200565-a 450 001 996204054703316 005 20240413025433.0 035 $a(DE-599)ZDB2030188-1 035 $a(CKB)991042728079416 035 $a(CONSER)---07019288- 035 $a(EXLCZ)99991042728079416 100 $a19940927b19202012 -a- - 101 0 $ager 181 $ctxt$2rdacontent 200 10$aBundesblatt 210 $aBern $cBundeskanzlei$d1920- 215 $a1 online resource 300 $aTitle varies slightly. 300 $aTitle from cover. 300 $aVarious "Beilagen", both serial publications and special reports, are issued with the "Bundesblatt", and in the Library of Congress are usually bound and classified separately.$5DLC 311 08$aPrint version: Bundesblatt. 1420-2476 (DLC) 07019288 (OCoLC)31184810 517 1 $aBundesblatt der Schweizerischen Eidgenossenschaft 517 1 $aBBl 531 $aFEUILLE FéDéRALE 606 $aGazettes$zSwitzerland 606 $aGazettes$2fast$3(OCoLC)fst00939356 606 $alaw reports$2ilot 606 $alegislation$2ilot 606 $arecueil de jurisprudence$2tbit 606 $alégislation$2tbit 606 $arevista de tribunales$2toit 606 $alegislación$2toit 607 $aSwitzerland$2fast$1https://id.oclc.org/worldcat/entity/E39QbtfRmBCgpQrWH3VGcB88Pp 607 $aSwitzerland$2ilot 607 $aSuisse$2tbit 607 $aSuiza$2toit 615 0$aGazettes 615 7$aGazettes. 615 17$alaw reports. 615 17$alegislation. 615 17$arecueil de jurisprudence. 615 17$alégislation. 615 17$arevista de tribunales. 615 17$alegislación. 712 02$aSwitzerland.$bBundeskanzlei. 906 $aJOURNAL 912 $a996204054703316 920 $aexl_impl conversion 996 $aBundesblatt$92293561 997 $aUNISA